000 00333nam a2200121Ia 4500
008 190216s9999||||xx |||||||||||||| ||und||
100 _aGino Scrcetti
245 0 _aGraducte Record Examination General Test
260 _bPrentice Hall Of India Pvt Ltd
_c1984
300 _a495p
650 _aGraduate Record Examination
942 _cREF
999 _c35554
_d35554